=LDR 00000nam 2200000 4500 =001 INLIS000000000014728 =005 20130612110015 =008 ***********************************Ind** =035 ##$$0010-061300000014728 =041 ##$$a Ind =082 ##$$a 616.3 =090 ##$$a 616.3, Kar p =100 ##$$a Kartono, Darmawan =245 ##$$a Penyakit hirschsprung, Darmawan Kartono =260 ##$$a 2004 $b Jakarta =300 ##$$a vii,89 hlm, Ilus, 21 cm =650 ##$$a Gastrointestinal =850 ##$$a NBPNMAT